00912nam a2200169 a 450000100100000000500170001000800410002704000250006810000260009324500340011926000620015330000330021595201830024895201890043195201050062099900170072500004623220201002052726.0150708s1991 dr c 000 0 spa d aDO-SdBNPbspacBNPHU1 aCapellan, Tony95688410aZona magica /cTony Capellan. aSanto Domingo :bVoluntariado de las Casas Reales,c1991. a4 p. :bil. retrs. ;c32 cm. 0010718PDaPDbPDcHDd2015-07-08iLF1l0o p46232-10r2020-06-25w2020-06-25yLFPDzPerteneció a la biblioteca personal de Chiqui Vicioso / Fidelio Despradel.ZNo se presta 0010718PDaPDbPDcHDd2015-07-08iLF1l0o p46232-20r2020-06-25te. 2w2020-06-25yLFPDzPerteneció a la biblioteca personal de Chiqui Vicioso / Fidelio Despradel.ZNo se presta 0010718PDaPDbPDcHDd2015-07-08iLF1l0o p46233-10r2020-06-25w2020-06-25yLFPDZNo se presta c45721d45721